Nom des rues de St-Lambert - Statistiques

Statistiques générales
  • Ce quiz a été pris 3 fois
  • Le résultat moyen est 25 sur 143
Statistiques - réponses
Réponses % Correct
Birch
100%
Dr Chevrier
100%
Durocher
100%
Ile de France
100%
Logan
100%
Lorne
100%
Maple
100%
Mercille
100%
Oak
100%
Pine
100%
Putney
100%
Riverside
100%
Smiley
100%
Victoria
100%
Walnut
100%
Berkley
50%
Brixton
50%
Champagne
50%
Crescent
50%
Curzon
50%
Desaulniers
50%
Dulwich
50%
Edison
50%
Golf
50%
Green
50%
Limousin
50%
Lorraine
50%
Mercier
50%
Mortlake
50%
Notre dame
50%
Osborne
50%
St Laurent
50%
Tiffin
50%
Upper Edison
50%
Aberdeen
0%
Achin
0%
Alexandra
0%
Alpes
0%
Alsace
0%
Ambroise
0%
Anjou
0%
Ardennes
0%
Argyle
0%
Arran
0%
Artois
0%
Auvergne
0%
Béarn
0%
Bedford
0%
Berri
0%
Bétournay
0%
Boissy
0%
Bolton
0%
Bourgogne
0%
Bretagne
0%
Bromley
0%
Cadzow
0%
Cartier
0%
Casgrain
0%
Chambord
0%
Charente
0%
Churchill
0%
Clark
0%
Cleghorn
0%
Closse
0%
Comeau
0%
Curé Rabeau
0%
Dauphiné
0%
Elm
0%
Filion
0%
Finistère
0%
Flandres
0%
Fontainebleau
0%
Fort
0%
Gascogne
0%
Gironde
0%
Guyenne
0%
Hall
0%
Henry
0%
Hickson
0%
Hooper
0%
Horsfall
0%
Houde
0%
Industrielle
0%
Irvine
0%
Isère
0%
Jura
0%
Keer
0%
Landes
0%
Lemoyne
0%
Le royer
0%
Lespérance
0%
Loire
0%
Lombardie
0%
L'union
0%
Macaulay
0%
Mans
0%
Marronier
0%
Merton
0%
Montrose
0%
Moselle
0%
Namur
0%
Navarre
0%
Nice
0%
Normandie
0%
Orléans
0%
Pas de Calais
0%
Perche
0%
Picardie
0%
Plamondon
0%
Poitou
0%
Prince Arthur
0%
Provence
0%
Pyrénées
0%
Queen
0%
Régent
0%
Reid
0%
Rhone
0%
Rivemere
0%
Robitaille
0%
Rothesay
0%
Rutledge
0%
Sandford
0%
Saumur
0%
Savoie
0%
Simard
0%
Simms
0%
Stanley
0%
St Francis
0%
St Georges
0%
Strasbourg
0%
St Thomas
0%
Terroux
0%
Touraine
0%
Townshend
0%
Venne
0%
Vosges
0%
Waterman
0%
Webster
0%
Whimbey
0%
Wickham
0%
Wilfried Laurier
0%
Woodstocck
0%
Aucun quiz correspondant
Distribution des résultats
% des personnes avec chaque résultat
Percentile par nombre de réponses
Votre historique - résultats
Vous n’avez pas pris ce quiz